[Event "Campeonato de Aragón por Equipos 2008 "]
[Site "Aragón"]
[Date "2008.04.05"]
[Round "8.42"]
[White "Garcia Andres Daniel"]
[Black "Sicilia Manuel"]
[Result "0-1"]
[WhiteElo "2017"]
[BlackElo "2144"]

1.e4 d6 2.f4 c6 3.Nf3 g6 4.d4 d5 5.e5 h5 6.c4 Nh6 7.Nc3 e6 8.Bd3 Be7 9.Qc2 Nf5
10.Bxf5 gxf5 11.cxd5 cxd5 12.Bd2 Nc6 13.Nb5 a6 14.Nd6+ Bxd6 15.exd6 Qxd6 16.
O-O f6 17.Rfe1 Kf7 18.b4 Bd7 19.Qc5 Qxc5 20.bxc5 Rae8 21.Rab1 Bc8 22.Rb3 Re7
23.Rbe3 Rg8 24.h3 Ke8 25.Bc3 Kd8 26.Nd2 Reg7 27.R1e2 Rg3 28.Rxg3 Rxg3 29.Nf3
Rg8 30.Kf2 Bd7 31.Nd2 Ke8 32.Nb3 Kf7 33.Ba5 Na7 34.Bb6 Nb5 35.Re3 Na3 36.Na5
Nc4 37.Nxc4 dxc4 38.Rc3 Bb5 39.a4 Bxa4 40.Rxc4 Bc6 41.g3 Ke7 42.Rc3 Kd7 43.Ke2
Bb5+ 44.Kd2 Kc6 45.Re3 Kd5 46.Kc3 Bd7 47.Kb4 Bc6 48.Kc3 Re8 49.Bc7 Bb5 50.Bb6
Ra8 51.Ba5 Bd7 52.h4 Rg8 53.Bb6 Ra8 54.Ba5 Bb5 55.Re1 Rg8 56.Re3 Bf1 57.Bb6
Bg2 58.Bc7 Ra8 59.Ba5 Be4 60.Re2 Rh8 61.Re3 Kc6 62.Kb4 Kd5 63.Kc3 Rc8 64.Re2
e5 65.fxe5 fxe5 66.Rd2 exd4+ 67.Rxd4+ Ke5 68.Bb6 Rc6 69.Kc4 Rc8 70.Rd7 Bc6 71.
Rd4 Bb5+ 72.Kc3 Bf1 73.Rd7 Bg2 74.Bc7+ Ke6 75.Rd6+ Ke7 76.Bb6 Be4 77.Rh6 Bf3
78.Kd4 Rg8 79.Bc7 Kd7 80.Bf4 Re8 81.Be5 a5 82.Rd6+ Ke7 83.Ke3 Be4 84.Rd4 Ra8
85.Ra4 Bc6 86.Ra3 Ke6 87.Kf4 Rg8 88.Bd6 Rg4+ 89.Ke3 a4 90.Bf4 Kd5 91.Rc3 Rg8
92.Bd6 b5 93.Rd3+ Kc4 94.Rd4+ Kc3 95.Be5 Re8 96.Kf4 Rxe5 97.Kxe5 a3 98.Rd1 b4
99.Kd6 Be4 100.c6 Bxc6 101.Kxc6 b3 102.Rc1+ Kd2 103.Rf1 b2 104.Kd5 a2 105.Rf2+
Ke3 0-1

[Event "Campeonato de Aragón por Equipos 2008 "]
[Site "Aragón"]
[Date "2008.04.05"]
[Round "8.43"]
[White "Fernandez Urrutia Gallo Carlos"]
[Black "Pellicer  Emilio"]
[Result "1-0"]
[WhiteElo "2023"]
[BlackElo "1819"]

1.d4 d5 2.Nf3 Nf6 3.c4 c6 4.e3 e6 5.Nc3 Nbd7 6.Bd3 Bd6 7.O-O e5 8.cxd5 cxd5 9.
dxe5 Nxe5 10.Bb5+ Bd7 11.Nxe5 Bxb5 12.Nxf7 Kxf7 13.Nxb5 Bc5 14.Qf3 Re8 15.Rd1
Kg8 16.Nc3 Re5 17.b3 Qa5 18.Bb2 Rd8 19.Ne2 Re6 20.Nf4 Red6 21.Be5 Rc6 22.Nxd5
Nxd5 23.Rxd5 Rf8 24.Qe2 Qb4 25.Rad1 Qh4 26.Bg3 Qf6 27.Rd7 Rf7 28.Qc4 Be7 29.
Qd3 Rb6 30.Qd5 Ra6 31.Rxb7 Rd6 32.Rb8+ Bf8 33.Qxd6 Qxd6 34.Bxd6 1-0

[Event "Campeonato de Aragón por Equipos 2008 "]
[Site "Aragón"]
[Date "2008.04.05"]
[Round "8.44"]
[White "Lafarga Bueno Daniel"]
[Black "Martin Fernando"]
[Result "1-0"]
[WhiteElo "2055"]
[BlackElo "1882"]

1.c4 Nf6 2.Nc3 g6 3.g3 Bg7 4.Bg2 c5 5.Nf3 O-O 6.d3 h6 7.Bd2 e6 8.h4 d5 9.Qc1
h5 10.Bg5 Nc6 11.Nd2 Ne7 12.Nb3 dxc4 13.Nxc5 cxd3 14.Nxd3 Nh7 15.Bf4 Qa5 16.
O-O e5 17.Bd2 Qc7 18.Ne4 Qxc1 19.Raxc1 Rd8 20.Ba5 b6 21.Bb4 Nd5 22.Nc3 Nxc3
23.Bxc3 Rb8 24.Nxe5 Bb7 25.Rfd1 Bxg2 26.Kxg2 Rxd1 27.Rxd1 Re8 28.f4 Nf8 29.Kf3
Rc8 30.Rd6 Rc7 31.Rd8 Bf6 32.Rd6 Bg7 33.Rc6 Rxc6 34.Nxc6 Bxc3 35.bxc3 a5 36.e4
Nd7 37.Ke3 Kf8 38.Kd4 Ke8 39.c4 Nc5 40.Ne5 Ke7 41.Nd3 Nb7 42.e5 Ke6 43.c5 b5
44.c6 1-0

[Event "Campeonato de Aragón por Equipos 2008 "]
[Site "Aragón"]
[Date "2008.04.05"]
[Round "8.45"]
[White "Horton Justin"]
[Black "Hinojar Basa Alfonso"]
[Result "1/2-1/2"]
[WhiteElo "2147"]
[BlackElo "2210"]

1.c4 Nf6 2.Nf3 e6 3.g3 d5 4.b3 Be7 5.Bg2 c5 6.O-O O-O 7.Bb2 d4 8.e3 Nc6 9.exd4
cxd4 10.Re1 Re8 11.d3 Bf8 12.a3 a5 13.Ne5 Nxe5 14.Rxe5 Nd7 15.Rb5 Nc5 16.b4
axb4 17.axb4 Rxa1 18.Bxa1 Na6 19.Qb3 Nc7 20.Rb6 Nd5 21.Rb5 Nc7 22.Rb6 1/2-1/2

[Event "Campeonato de Aragón por Equipos 2008 "]
[Site "Aragón"]
[Date "2008.04.05"]
[Round "8.47"]
[White "Gonzalez Gambau Jorge"]
[Black "Fabre Perez Jose Maria"]
[Result "0-1"]
[WhiteElo "2039"]
[BlackElo "2081"]

1.e4 e6 2.Nc3 d5 3.Nf3 Nf6 4.e5 Nfd7 5.d4 c5 6.dxc5 Nc6 7.Bf4 f6 8.exf6 Nxf6
9.Nb5 e5 10.Nxe5 Bxc5 11.Nxc6 bxc6 12.Nc7+ Kf7 13.Be2 Rb8 14.Nxd5 Rxb2 15.Be5
cxd5 16.Bxb2 Qb6 17.Bxf6 Bxf2+ 18.Kf1 Qxf6 19.Qxd5+ Ke7 20.Qe4+ Be6 21.Qb7+
Kd6 22.Rd1+ Bd4+ 23.Qf3 Qxf3+ 24.Bxf3 Kc5 25.Ke2 Bxa2 26.Kd2 Rb8 27.Be4 g6 28.
Rhf1 Bg7 29.Rf3 Bh6+ 30.Re3 Rd8+ 31.Bd3 Re8 32.Re1 a5 33.Be4 Rxe4 0-1

[Event "Campeonato de Aragón por Equipos 2008 "]
[Site "Aragón"]
[Date "2008.04.05"]
[Round "8.48"]
[White "Ruiperez Ramon"]
[Black "Perez Puyal Jose J"]
[Result "1-0"]
[WhiteElo "1770"]
[BlackElo "1888"]

1.e4 d5 2.e5 Bf5 3.Nf3 e6 4.c3 Nd7 5.b4 c5 6.bxc5 Bxc5 7.d4 Be7 8.Bd3 Bg6 9.
Ba3 Qa5 10.Bxe7 Nxe7 11.O-O O-O 12.g4 Rac8 13.h4 Rc6 14.a4 a6 15.h5 Bxd3 16.
Qxd3 Rfc8 17.Ng5 f5 18.gxf5 exf5 19.Ra2 h6 20.Nf3 Rc4 21.e6 Nf6 22.Ne5 Rxa4
23.Rb2 b5 24.f3 Ra2 25.Re2 Rxe2 26.Qxe2 Nxh5 27.Qh2 Nf6 28.Nd7 Qc7 29.Nxf6+
gxf6 30.Qxh6 Qg3+ 31.Kh1 Ng6 32.Rg1 Qxf3+ 33.Kh2 1-0

[Event "Campeonato de Aragón por Equipos 2008 "]
[Site "Aragón"]
[Date "2008.04.05"]
[Round "8.49"]
[White "Palacios Latasa Elias"]
[Black "Romon Poves Raul"]
[Result "1-0"]
[WhiteElo "2198"]
[BlackElo "2207"]

1.e4 e5 2.Bc4 Nf6 3.Nc3 Nxe4 4.Qh5 Nd6 5.Qxe5+ Qe7 6.Qxe7+ Bxe7 7.Bb3 c6 8.d4
Nf5 9.d5 Na6 10.Nf3 Nc5 11.Bf4 h5 12.O-O-O a5 13.d6 Bf6 14.Rhe1+ Kf8 15.Ne4
Nxe4 16.Rxe4 b6 17.Ne5 Bxe5 18.Rxe5 g6 19.Rde1 Bb7 20.Re7 Nxe7 21.Rxe7 Rh7 22.
Rxd7 Ba6 23.Rc7 c5 24.Bd5 Rd8 25.Bg5 1-0

[Event "Campeonato de Aragón por Equipos 2008 "]
[Site "Aragón"]
[Date "2008.04.05"]
[Round "8.50"]
[White "Vera Jimenez Andres"]
[Black "Veras Sanz Marino"]
[Result "0-1"]
[WhiteElo "2035"]
[BlackElo "2063"]

1.d4 d6 2.Nf3 g6 3.c4 Bg7 4.Nc3 c5 5.g3 Nc6 6.d5 Ne5 7.Nxe5 Bxe5 8.Bg2 h5 9.
Bd2 Nh6 10.e4 Bd7 11.Qc1 Bg7 12.Ne2 h4 13.Bc3 Kf8 14.Qf4 Bxc3+ 15.Nxc3 Ng4 16.
Qd2 Ne5 17.Qe2 Bg4 18.f3 h3 19.fxg4 hxg2 20.Qxg2 Nxg4 21.Qe2 Ne5 22.h4 Qd7 23.
O-O-O Qg4 24.Qxg4 Nxg4 25.Rhe1 Ne5 26.b3 Kg7 27.Ne2 a6 28.Kc2 b5 29.Kc3 Rhb8
30.cxb5 axb5 31.Nc1 b4+ 32.Kb2 Ra3 33.Kb1 c4 34.bxc4 Nxc4 35.Nb3 Rba8 36.Re2
Nb6 37.Rdd2 Na4 38.Rc2 Nc3+ 39.Rxc3 bxc3 40.Rc2 Rc8 41.Nd4 Rc4 42.Ne2 Rxe4 43.
Nxc3 Rg4 44.Kb2 Ra5 45.Rg2 Rb4+ 46.Kc2 Rc4 47.Kd3 Rcc5 48.a4 Rxc3+ 49.Kxc3
Rxa4 50.Kb3 Rd4 51.Re2 Rxd5 52.Rxe7 Rd3+ 53.Kc4 Rxg3 54.Re4 f5 55.Re7+ Kh6 56.
Kd5 Rg4 57.Kxd6 Rxh4 58.Ke5 Re4+ 0-1

[Event "Campeonato de Aragón por Equipos 2008 "]
[Site "Aragón"]
[Date "2008.04.05"]
[Round "8.51"]
[White "Sarto Ramos Angel"]
[Black "Sierra Aguerri Joaquin"]
[Result "1-0"]
[WhiteElo "2058"]
[BlackElo "2010"]

1.d4 c5 2.e3 cxd4 3.exd4 d5 4.Bd3 Nc6 5.c3 Nf6 6.h3 e5 7.dxe5 Nd7 8.e6 Qe7 9.
Qe2 fxe6 10.Qh5+ Qf7 11.Qxf7+ Kxf7 12.f4 Bd6 13.Nf3 h6 14.O-O Rf8 15.Be3 Kg8
16.Nd4 Nc5 17.Bc2 Na5 18.Nd2 Nc4 19.Nxc4 dxc4 20.Nb5 Be7 21.Rad1 Bd7 22.Nd6 b6
23.Bxc5 bxc5 24.Nxc4 Bb5 25.Bd3 Rad8 26.Ne5 Be8 27.g3 g5 28.fxg5 Rxf1+ 29.Kxf1
Rd5 30.Nf3 Bc6 31.Be2 Rf5 32.Kg2 e5 33.g4 Rxg5 34.Kg3 Rg6 35.Nh4 Rf6 36.Nf5
Bf8 37.Rd8 Kh7 38.Bc4 Be4 39.Bd3 Bc6 40.Nd6+ Kh8 41.Ne4 Rf7 42.Bc4 Rf4 43.Nxc5
Kh7 44.Bd3+ Kg8 45.Bf5 Rf3+ 46.Kh4 Kf7 47.Rxf8+ Kxf8 48.Ne6+ Ke7 49.Nc5 Kd6
50.Nb3 Bd5 51.Nd2 Rf2 52.Ne4+ Bxe4 53.Bxe4 Rf4 54.Bg2 e4 55.Kg3 e3 56.Bf3 Ke5
57.b3 Rf7 58.h4 Rc7 59.c4 Kd4 60.g5 hxg5 61.hxg5 Kd3 62.Kg4 e2 63.Bxe2+ Kxe2
64.g6 Kd3 65.Kf5 Kc3 66.Kf6 Rc8 67.g7 Kb2 68.Kf7 Kxa2 69.g8=Q Rxg8 70.Kxg8 a5
71.c5 Kxb3 72.c6 a4 73.c7 a3 74.c8=Q a2 75.Qc1 1-0

[Event "Campeonato de Aragón por Equipos 2008 "]
[Site "Aragón"]
[Date "2008.04.05"]
[Round "8.52"]
[White "Fernandez Rubio Rafael"]
[Black "Hernandez  Gabriel"]
[Result "0-1"]
[WhiteElo "1790"]
[BlackElo "2041"]

1.e4 g6 2.d4 Bg7 3.c4 d6 4.Nc3 e5 5.d5 f5 6.Be3 Nf6 7.Bd3 f4 8.Bd2 O-O 9.Qc2
Na6 10.a3 Nc5 11.Be2 a5 12.O-O-O a4 13.f3 Bd7 14.Be1 Qe7 15.Bf2 b6 16.Bxc5
bxc5 17.Bd3 Ra5 18.Nge2 Rfa8 19.Kd2 Bc8 20.Nb5 Ba6 21.Nec3 Bb7 22.Ke2 Qd8 23.
Qd2 Nd7 24.Bc2 Nb6 25.b3 axb3 26.Bxb3 Bf8 27.Ra1 Ba6 28.Rhb1 Bxb5 29.Nxb5 Qd7
30.Qe1 Be7 31.Qh1 Bh4 32.Qf1 Kg7 33.Qc1 Rxb5 34.cxb5 Qxb5+ 35.Kd2 Bf2 36.Kc2
c4 37.Ba2 Qa4+ 38.Bb3 cxb3+ 39.Rxb3 Nc4 40.Ra2 Rb8 41.Rb2 Bd4 42.Rb1 Rxb3 43.
Rxb3 Na5 44.Qb1 Qc4+ 0-1

[Event "Campeonato de Aragón por Equipos 2008 "]
[Site "Aragón"]
[Date "2008.04.05"]
[Round "8.53"]
[White "Gavin Roche Enrique"]
[Black "Navarro Alonso Jorge Luis"]
[Result "1-0"]
[WhiteElo "2278"]
[BlackElo "2136"]

1.d4 d5 2.c4 c6 3.e3 Nf6 4.Bd3 e6 5.Nf3 Nbd7 6.O-O Bd6 7.b3 Qe7 8.Bb2 e5 9.Nh4
g6 10.Nc3 e4 11.Be2 h5 12.g3 Ng4 13.cxd5 Nxh2 14.dxc6 bxc6 15.Kxh2 Qxh4+ 16.
Kg2 Qe7 17.d5 h4 18.dxc6 hxg3 19.Rh1 Rxh1 20.cxd7+ Bxd7 21.Qxh1 O-O-O 22.Rc1
Kb8 23.f4 exf3+ 24.Bxf3 Qe8 25.Rc2 Be5 26.Nd5 Qh8 27.Bxe5+ Qxe5 28.Qh4 1-0

[Event "Campeonato de Aragón por Equipos 2008 "]
[Site "Aragón"]
[Date "2008.04.05"]
[Round "8.54"]
[White "Jaques Burguete Raul"]
[Black "Van Ojik M"]
[Result "0-1"]
[WhiteElo "2127"]
[BlackElo "2179"]

1.e4 e5 2.Nf3 Nc6 3.Bc4 Nf6 4.d4 exd4 5.e5 d5 6.Bb5 Ne4 7.Nxd4 Bd7 8.Bxc6 bxc6
9.Be3 Be7 10.Nd2 c5 11.N4b3 Nxd2 12.Qxd2 d4 13.Bf4 Bc6 14.f3 O-O 15.O-O-O a5
16.c3 a4 17.Na1 Qd5 18.Kb1 Bd7 19.cxd4 Be6 20.Nc2 Qxa2+ 21.Kc1 Rfb8 22.Na3
Qa1+ 23.Nb1 Bf5 0-1

[Event "Campeonato de Aragón por Equipos 2008 "]
[Site "Aragón"]
[Date "2008.04.05"]
[Round "8.55"]
[White "Sanz Barrionuevo A"]
[Black "Garcia Fernandez Javier"]
[Result "1-0"]
[WhiteElo "2015"]
[BlackElo "2110"]

1.d4 Nf6 2.c4 e5 3.e3 exd4 4.exd4 Bb4+ 5.Bd2 Qe7+ 6.Be2 Nc6 7.Nf3 d5 8.O-O
Bxd2 9.Nbxd2 O-O 10.Re1 Bg4 11.Ne5 Bxe2 12.Nxc6 Qd6 13.Ne7+ Qxe7 14.Rxe2 Qd6
15.Qc2 Rfe8 16.Rae1 Rxe2 17.Rxe2 Qc6 18.b3 b5 19.c5 Re8 20.Rxe8+ Qxe8 21.Kf1
Qe6 22.Nf3 Ne4 23.Qe2 a6 24.a3 Qh6 25.Qe1 Qf4 26.Qe3 Qxe3 27.fxe3 g5 28.Ke2
Kg7 29.Ne5 Kf6 30.Nd7+ Kf5 31.Nb8 a5 32.Na6 a4 33.bxa4 Nc3+ 34.Kd3 Nxa4 35.
Nxc7 Nb2+ 36.Ke2 h5 37.Nxb5 Na4 38.Kd3 Nb2+ 39.Kc3 Nc4 40.Nd6+ Nxd6 41.cxd6
Ke6 42.Kb4 Kxd6 43.Kb5 f5 44.g3 h4 45.a4 f4 46.exf4 1-0

[Event "Campeonato de Aragón por Equipos 2008 "]
[Site "Aragón"]
[Date "2008.04.12"]
[Round "8.56"]
[White "Pellicer Coloma Pedro"]
[Black "Ferrer  Francisco Javier"]
[Result "1-0"]
[WhiteElo "1985"]
[BlackElo "1997"]

1.d4 Nf6 2.Nf3 e6 3.e3 b6 4.Bd3 Bb7 5.O-O c5 6.c3 d5 7.Ne5 Bd6 8.f4 c4 9.Bc2
Qc7 10.Nd2 Nc6 11.Qe2 O-O-O 12.b3 cxb3 13.axb3 Kb8 14.Bb2 Ne8 15.Ra2 f6 16.
Nxc6+ Qxc6 17.Rfa1 a6 18.Bd3 Nc7 19.c4 Bb4 20.Nf3 dxc4 21.bxc4 h6 22.e4 g5 23.
d5 exd5 24.cxd5 Bc5+ 25.Bd4 Qd6 26.Rc2 g4 27.Bxc5 bxc5 28.Nh4 Qxf4 29.Ng6 Qd6
30.Nxh8 Rxh8 31.Qxg4 Qe5 32.Rd1 Qd4+ 33.Kh1 Qa4 34.Qg7 Re8 35.Qxf6 c4 36.Qd4
Nxd5 37.exd5 Re2 38.Bxe2 Qxc2 39.Qxc4 Qg6 40.Bf3 Qf6 41.Qe2 1-0

[Event "Campeonato de Aragón por Equipos 2008 "]
[Site "Aragón"]
[Date "2008.04.05"]
[Round "8.57"]
[White "Lafarga Santorroman David"]
[Black "Aparicio Navarro Pedro Jose"]
[Result "1/2-1/2"]
[WhiteElo "2278"]
[BlackElo "2196"]

1.e4 c5 2.Nc3 Nc6 3.g3 g6 4.Bg2 Bg7 5.d3 e5 6.Be3 d6 7.Qd2 Nge7 8.f4 O-O 9.Nf3
Nd4 10.O-O Nec6 11.h3 Nxf3+ 12.Rxf3 Nd4 13.Rf2 Be6 14.Raf1 Qd7 15.Kh2 f5 16.
fxe5 Bxe5 1/2-1/2

[Event "Campeonato de Aragón por Equipos 2008 "]
[Site "Aragón"]
[Date "2008.04.05"]
[Round "8.58"]
[White "Munoz Munoz Juan Carlos"]
[Black "Valles Mata David"]
[Result "1/2-1/2"]
[WhiteElo "2137"]
[BlackElo "2107"]

1.d4 d5 2.Nf3 Nf6 3.c4 c6 4.Nc3 g6 5.Bf4 Bg7 6.e3 O-O 7.Qb3 Qb6 8.Qxb6 axb6 9.
cxd5 Nxd5 10.Nxd5 cxd5 11.Bc7 Na6 12.Bxa6 Rxa6 13.Kd2 Bf5 14.a3 Rc8 15.Rac1 b5
16.Bf4 Rc4 17.Rxc4 bxc4 18.Kc3 1/2-1/2

[Event "Campeonato de Aragón por Equipos 2008 "]
[Site "Aragón"]
[Date "2008.04.05"]
[Round "8.59"]
[White "Avellanas Pau Miguel Angel"]
[Black "Sanchez Moreno Jose Carlos"]
[Result "1/2-1/2"]
[WhiteElo "1934"]
[BlackElo "2019"]

1.e4 c5 2.Nf3 d6 3.c3 Nf6 4.Be2 g6 5.e5 dxe5 6.Nxe5 Bg7 7.O-O O-O 8.d4 cxd4 9.
cxd4 Nfd7 10.f4 Qb6 11.Kh1 Nc6 12.Bc4 Qxd4 1/2-1/2

[Event "Campeonato de Aragón por Equipos 2008 "]
[Site "Aragón"]
[Date "2008.04.05"]
[Round "8.61"]
[White "Lucea Valero Alejandro"]
[Black "Martin Catalan Juan Vicente"]
[Result "0-1"]
[WhiteElo "1965"]
[BlackElo "2122"]

1.Nf3 d5 2.c4 e6 3.g3 Nf6 4.Bg2 c6 5.b3 Nbd7 6.O-O Bd6 7.Bb2 O-O 8.d4 Re8 9.
Nbd2 e5 10.dxe5 Nxe5 11.cxd5 cxd5 12.Nxe5 Bxe5 13.Bxe5 Rxe5 14.Nc4 Re8 15.Ne3
Be6 16.Qd4 Qa5 17.a4 Rac8 18.b4 Qa6 19.b5 Qb6 20.Qb2 Rc5 21.Rfc1 Rec8 22.Rxc5
Qxc5 23.Rd1 h6 24.Rd2 Qc1+ 25.Qxc1 Rxc1+ 26.Rd1 Rxd1+ 27.Nxd1 Kf8 28.Kf1 Ke7
29.Ke1 Kd6 30.Kd2 Kc5 31.e3 Kb4 32.Nc3 b6 33.Kd3 Kc5 34.f3 Bf5+ 35.e4 dxe4+
36.fxe4 Be6 37.Bf3 Bb3 38.e5 Nd7 39.Ne4+ Kb4 40.Kd4 Nc5 41.Nd6 Ne6+ 42.Kd3
Nc5+ 43.Kd4 Nxa4 44.Nc8 Nc3 45.Nxa7 Nxb5+ 46.Nxb5 Kxb5 47.Be4 Kb4 48.Bd3 Be6
49.h4 h5 50.Bc2 Ka3 0-1

[Event "Campeonato de Aragón por Equipos 2008 "]
[Site "Aragón"]
[Date "2008.04.05"]
[Round "8.63"]
[White "Minguez A"]
[Black "Izquierdo Lupon Jose Manuel"]
[Result "1/2-1/2"]
[WhiteElo "1952"]
[BlackElo "1582"]

1.e4 d5 2.exd5 Qxd5 3.Nc3 Qa5 4.d4 Nf6 5.Nf3 c6 6.Ne5 Nbd7 7.Nc4 Qd8 8.Qf3 g6
9.Bf4 Bg7 10.Be2 Nh5 11.Be3 O-O 12.g4 Nhf6 13.Qg3 Nb6 14.Ne5 Be6 15.h4 Nfd5
16.h5 Nxe3 17.fxe3 g5 18.h6 Bh8 19.Rh5 f6 20.Nf3 Bf7 21.Rh2 Nc4 22.Bxc4 Bxc4
23.Nd2 Bf7 24.O-O-O Bg6 25.Nb3 Qd6 26.Qf2 a5 27.a4 b6 28.Qe2 e6 29.e4 Qf4+ 30.
Kb1 Qc7 31.Rf2 Rad8 32.Qe3 Rf7 33.Rfd2 Rfd7 34.Ne2 1/2-1/2

[Event "Campeonato de Aragón por Equipos 2008 "]
[Site "Aragón"]
[Date "2008.04.05"]
[Round "8.64"]
[White "Pache Marconell Juan Manuel"]
[Black "Vasilev Vas"]
[Result "0-1"]
[WhiteElo "1510"]
[BlackElo "1925"]

1.d4 d6 2.c4 g6 3.Nc3 Bg7 4.e4 c5 5.dxc5 Bxc3+ 6.bxc3 dxc5 7.Qxd8+ Kxd8 8.Nf3
Nc6 9.Bf4 Nf6 10.Bd3 h6 11.Ne5 Nxe5 12.Bxe5 Be6 13.O-O Rg8 14.Rab1 Nd7 15.Bf4
g5 16.Bg3 b6 17.f4 f6 18.Rbe1 gxf4 19.Bxf4 Ne5 20.Rd1 Kc8 21.Bxe5 fxe5 22.g3
Kc7 23.Kf2 Bh3 24.Rfe1 Raf8+ 25.Ke3 Rf6 26.Bf1 Be6 27.Be2 Rgf8 28.Rf1 Rxf1 29.
Rxf1 Rxf1 30.Bxf1 Kb7 31.Kf3 Ka6 32.g4 Ka5 33.h4 Ka4 34.g5 hxg5 35.hxg5 Bf7
36.Kg4 Bg6 37.Kf3 Ka3 38.Bh3 Kxa2 39.Bf5 Bf7 40.g6 Bxg6 41.Bxg6 Kb3 42.Bf7 a5
43.Be8 a4 44.Bxa4+ Kxa4 45.Ke3 Kb3 46.Kd3 e6 47.Kd2 Kxc4 48.Kc2 b5 49.Kd2 b4
50.cxb4 cxb4 0-1

[Event "Campeonato de Aragón por Equipos 2008 "]
[Site "Aragón"]
[Date "2008.04.12"]
[Round "9.2"]
[White "Antoli Royo Joaquin Miguel"]
[Black "Lamas Mercadal Manuel"]
[Result "1-0"]
[WhiteElo "2308"]
[BlackElo "2246"]

1.e4 c5 2.Nf3 d6 3.c3 Nf6 4.Be2 g6 5.O-O Bg7 6.Bb5+ Bd7 7.Bxd7+ Nbxd7 8.Re1
O-O 9.d4 cxd4 10.cxd4 d5 11.e5 Ne4 12.Nc3 Nxc3 13.bxc3 e6 14.h4 Rc8 15.Bd2 f6
16.exf6 Qxf6 17.Qa4 Nb6 18.Qxa7 Nc4 19.Bg5 Qf7 20.Rab1 Rc7 21.Re2 h6 22.Be3 b6
23.Qa4 Qf5 24.Qd1 Rcf7 25.Qe1 Qg4 26.Nd2 Nxd2 27.Bxd2 Qxh4 28.Rxb6 Ra7 29.f3
Qxe1+ 30.Bxe1 Re8 31.Rexe6 Rxe6 32.Rxe6 Rxa2 33.Rxg6 Re2 34.Kf1 Rc2 35.Rd6 Kf7
36.Rd7+ Kg6 37.Rxd5 1-0

[Event "Campeonato de Aragón por Equipos 2008 "]
[Site "Aragón"]
[Date "2008.04.12"]
[Round "9.3"]
[White "Llanes Luno Ricardo"]
[Black "Cortes Lizano Jesus"]
[Result "1-0"]
[WhiteElo "2233"]
[BlackElo "2247"]

1.e4 c5 2.Nf3 d6 3.d4 Nf6 4.Nc3 cxd4 5.Nxd4 a6 6.g3 e5 7.Nde2 Be7 8.Bg2 Be6 9.
O-O Nbd7 10.h3 h5 11.a4 Rc8 12.Be3 Nc5 13.f4 Bc4 14.Rf2 b5 15.axb5 axb5 16.b3
Bxe2 17.Qxe2 b4 18.fxe5 bxc3 19.exf6 Bxf6 20.b4 Nd7 21.b5 h4 22.gxh4 Ne5 23.b6
O-O 24.b7 Rb8 25.Qb5 Qc7 26.Rb1 Nc4 27.Ba7 Be5 28.Rb4 Nb2 29.Qd5 Qd7 30.Bf1
Kh7 31.Bxb8 Rxb8 32.Qxf7 Qc6 33.Rf5 1-0

[Event "Campeonato de Aragón por Equipos 2008 "]
[Site "Aragón"]
[Date "2008.04.12"]
[Round "9.4"]
[White "Maza Broto Pablo"]
[Black "Roche Simon Miguel Angel"]
[Result "0-1"]
[WhiteElo "1923"]
[BlackElo "2087"]

1.e4 c5 2.Nf3 Nc6 3.d4 cxd4 4.Nxd4 Nf6 5.Nc3 e6 6.Nxc6 bxc6 7.Bd3 d5 8.O-O Be7
9.e5 Nd7 10.Bf4 O-O 11.Qg4 f5 12.exf6 Nxf6 13.Qe2 Bd6 14.Be5 c5 15.b3 Bxe5 16.
Qxe5 Ng4 17.Qh5 Nh6 18.Na4 Qd6 19.Rae1 Bd7 20.Nb2 Rae8 21.c4 Nf5 22.Qe2 Bc6
23.Qe5 Qd7 24.Bb1 Qf7 25.Nd3 dxc4 26.Nxc5 Bxg2 27.Nxe6 Bh3 28.Bxf5 Bxf5 29.
Qxg7+ Qxg7+ 30.Nxg7 Rxe1 31.Rxe1 Kxg7 32.bxc4 Kf6 33.f3 Rc8 34.Rc1 Rc5 35.Kf2
Ra5 36.Kg3 Rc5 37.Rc3 Be6 38.Ra3 a5 39.Rc3 Bxc4 40.a3 a4 41.h4 Ke5 42.Re3+ Kd4
43.Re7 Bd3 0-1

[Event "Campeonato de Aragón por Equipos 2008 "]
[Site "Aragón"]
[Date "2008.04.12"]
[Round "9.5"]
[White "Del Rey Diego"]
[Black "Adla Diego Gustavo"]
[Result "0-1"]
[WhiteElo "2382"]
[BlackElo "2491"]

1.d4 Nf6 2.Bg5 e6 3.e4 c5 4.e5 h6 5.Bc1 Nh7 6.Nf3 cxd4 7.Bd3 Nc6 8.O-O Ng5 9.
Nxg5 hxg5 10.f4 d6 11.fxg5 Nxe5 12.Bb5+ Bd7 13.Bxd7+ Nxd7 14.Qf3 Ne5 15.Qxb7
Be7 16.Qe4 Rc8 17.Qxd4 Rc4 18.Qxa7 d5 19.Be3 Nc6 20.Qb7 Qd6 21.Bf4 e5 22.Bg3
O-O 23.g6 f5 24.Na3 Rb4 25.Qa6 Qxg6 26.Qd3 Qe6 27.Rab1 f4 28.Bf2 e4 29.Qe2
Rfb8 30.c3 R4b7 31.b4 Bd6 32.Kh1 e3 33.Nc2 Qe4 34.Be1 Ne5 35.Rd1 Nc4 36.a4 Nd2
37.Rxd2 exd2 38.Qxd2 Qc4 39.Kg1 Re8 40.Nd4 Re4 41.Bf2 Bb8 42.a5 Ba7 43.h3 Rbe7
44.Rd1 Re2 45.Qd3 Qxd3 46.Rxd3 Ra2 47.Rf3 g5 48.g3 Bxd4 49.cxd4 Rf7 50.gxf4
Rxf4 51.Rxf4 gxf4 52.Kg2 Kf7 53.Kf3 Ke6 54.a6 Kf5 55.b5 Ra5 56.h4 Rxb5 57.Be1
Rb3+ 58.Kf2 Kg4 0-1

[Event "Campeonato de Aragón por Equipos 2008 "]
[Site "Aragón"]
[Date "2008.04.12"]
[Round "9.6"]
[White "Glavina Rossi Pablo"]
[Black "Fernandez Lopez Felix"]
[Result "1-0"]
[WhiteElo "2459"]
[BlackElo "2316"]

1.d4 Nf6 2.c4 g6 3.Nc3 Bg7 4.e4 d6 5.f3 O-O 6.Nge2 Nc6 7.Be3 a6 8.Qd2 Rb8 9.
Rc1 Bd7 10.Nd1 e5 11.d5 Ne7 12.c5 Ne8 13.b4 f5 14.Nec3 Nf6 15.Be2 Kh8 16.O-O
h5 17.Nb2 f4 18.Bf2 g5 19.Nc4 Nc8 20.Na5 Be8 21.c6 b5 22.a4 bxa4 23.Nb7 Qe7
24.Nxa4 Rg8 25.Kh1 g4 26.Bh4 Nxe4 27.Bxe7 Nxd2 28.Bd8 Nxf1 29.Rxf1 e4 30.Bxc7
Ra8 31.Nxd6 Nxd6 32.Bxd6 exf3 33.gxf3 Bf7 34.Nb6 Rad8 35.Bxf4 Rxd5 36.fxg4
hxg4 37.Bc4 Rf5 38.Bxf7 Rxf7 39.c7 Rff8 40.Kg2 Bd4 41.Nd7 Rc8 42.Rd1 Bb2 43.
Nb6 Rce8 44.Rd2 Bc1 45.Rd4 Bxf4 46.Rxf4 Re2+ 47.Rf2 1-0

[Event "Campeonato de Aragón por Equipos 2008 "]
[Site "Aragón"]
[Date "2008.04.12"]
[Round "9.7"]
[White "Chueca Forcen Alberto"]
[Black "Gomez Anadon Daniel"]
[Result "1-0"]
[WhiteElo "2283"]
[BlackElo "2315"]

1.d4 d5 2.c4 c6 3.Nf3 Nf6 4.Nc3 e6 5.cxd5 exd5 6.Bg5 Be7 7.e3 Bf5 8.Bd3 Bxd3
9.Qxd3 O-O 10.O-O Nbd7 11.Rab1 a5 12.a3 a4 13.Qc2 Qa5 14.Ne5 Rfe8 15.f4 Nf8
16.Rf3 Ne4 17.Bxe7 Rxe7 18.Nxe4 dxe4 19.Rg3 Qd5 20.Rg5 Qe6 21.Nc4 Nd7 22.Ra5
Rxa5 23.Nxa5 Nb6 24.Re1 Rd7 25.Qc5 Nc8 26.Qe5 Qxe5 27.fxe5 Nb6 28.Rc1 f5 29.
Kf2 Nd5 30.Nc4 f4 31.exf4 Nxf4 32.Ke3 Nd3 33.Rc2 c5 34.Nd6 Ne1 35.Rxc5 Nxg2+
36.Kf2 1-0

[Event "Campeonato de Aragón por Equipos 2008 "]
[Site "Aragón"]
[Date "2008.04.12"]
[Round "9.8"]
[White "Moreno Gracia Daniel"]
[Black "Sanz Arilla Luis"]
[Result "1-0"]
[WhiteElo "2188"]
[BlackElo "2262"]

1.c4 Nf6 2.Nc3 g6 3.g3 Bg7 4.Bg2 O-O 5.Nf3 c6 6.e4 d6 7.d4 Nbd7 8.O-O e5 9.h3
Re8 10.d5 Nc5 11.Ne1 a5 12.Be3 cxd5 13.Bxc5 dxc5 14.cxd5 b6 15.Nc2 Nd7 16.a4
Ba6 17.Nb5 Bxb5 18.axb5 Nf6 19.Ne3 Qd7 20.Qb3 Reb8 21.f4 Ne8 22.Ng4 f6 23.fxe5
fxe5 24.d6+ Kh8 25.Nxe5 Bxe5 26.Rf8+ Kg7 27.Rg8+ 1-0

[Event "Campeonato de Aragón por Equipos 2008 "]
[Site "Aragón"]
[Date "2008.04.12"]
[Round "9.9"]
[White "Baron Rodriguez Jesus"]
[Black "Llorente Zaro Alfonso"]
[Result "1-0"]
[WhiteElo "2421"]
[BlackElo "2392"]

1.e4 e5 2.Nf3 Nc6 3.Nc3 Nf6 4.Bb5 d6 5.d4 exd4 6.Nxd4 Bd7 7.O-O Nxd4 8.Bxd7+
Qxd7 9.Qxd4 Be7 10.b3 c6 11.Bb2 Qc7 12.Rad1 O-O 13.Rfe1 Qb6 14.Qd3 Rad8 15.Qg3
Ne8 16.Rd3 Bf6 17.Kh1 Qa5 18.f4 Nc7 19.e5 dxe5 20.Ne4 Be7 21.Bxe5 Ne8 22.Red1
Rxd3 23.Qxd3 Nf6 24.Nxf6+ Bxf6 25.Bxf6 gxf6 26.h3 Re8 27.Kh2 Qc7 28.Qf5 Re6
29.Rd3 Qe7 30.Rg3+ Kh8 31.Qg4 Qf8 32.Qh5 b6 33.a4 Rd6 34.c3 Rd8 35.b4 Rd6 36.
c4 Rd8 37.Rg4 Rd6 38.Qf5 Re6 39.c5 bxc5 40.bxc5 a5 41.Rg3 Qd8 42.Qg4 Qf8 43.
Qh5 h6 44.Rd3 Qg7 45.Rd8+ Kh7 46.Qf3 f5 47.Qd3 Re4 48.Rd6 Rxf4 49.Rxc6 Re4 50.
Qd6 Qe5+ 51.Qxe5 Rxe5 52.Kg3 Kg7 53.Kf4 f6 54.Rc8 Kg6 55.c6 Re4+ 56.Kf3 Kg7
57.c7 Rc4 58.Ke3 f4+ 59.Kd3 Rc1 60.Kd4 Rc2 61.Kd5 h5 62.Kd6 Rd2+ 63.Kc6 Rc2+
64.Kb6 Rb2+ 65.Kxa5 Rc2 66.Kb6 Rb2+ 67.Kc6 Rc2+ 68.Kd5 1-0

[Event "Campeonato de Aragón por Equipos 2008 "]
[Site "Aragón"]
[Date "2008.04.12"]
[Round "9.10"]
[White "Remiro Juste Fernando Jose"]
[Black "Hefty Hilardo Jorge Walter"]
[Result "1/2-1/2"]
[WhiteElo "2335"]
[BlackElo "2340"]

1.c4 e6 2.Nf3 d5 3.b3 Nf6 4.Bb2 c6 5.e3 Nbd7 6.d4 Bd6 7.Nbd2 Ne4 8.Nxe4 dxe4
9.Nd2 f5 10.c5 Be7 11.f3 Nf6 12.fxe4 fxe4 13.Qc2 Qd5 14.Be2 Qg5 15.Nc4 O-O 16.
O-O-O b6 17.h4 Qg3 18.Ne5 Nd5 19.Qxe4 Qxe3+ 20.Qxe3 Nxe3 21.Nxc6 Bf6 22.Rd2
Bb7 23.Bf3 bxc5 24.dxc5 Bxc6 25.Bxc6 Rac8 26.Bd7 Rxc5+ 27.Kb1 Bxb2 28.Bxe6+
Kh8 29.Kxb2 Re5 30.Bh3 Re7 31.Rc1 g6 32.Rc8 Rxc8 33.Bxc8 Kg7 34.Ba6 Nf5 35.h5
gxh5 36.Be2 h4 37.Bg4 Ne3 38.Bf3 Kf6 39.Rd6+ Kg5 40.Rd4 Rc7 41.Re4 Nf5 42.Rg4+
Kf6 43.Rf4 Kg5 44.Rg4+ Kf6 45.b4 Rd7 46.Kc3 Rc7+ 47.Kd3 Rd7+ 48.Kc3 Rc7+ 49.
Kb2 Rd7 50.a4 Rd2+ 51.Kc3 Rf2 52.Be4 h5 53.Rg8 Nd6 54.Bc6 Ra2 55.Rh8 h3 56.
gxh3 Ra3+ 57.Kd4 Nf5+ 58.Kc4 Rxh3 59.Rf8+ Ke6 60.Ra8 Nd6+ 61.Kd4 Rh4+ 62.Kd3
Rxb4 63.Rxa7 Rb3+ 64.Ke2 h4 65.Rh7 h3 66.Bd7+ Kd5 67.Bxh3 Ra3 68.Bd7 Kd4 69.
Rh4+ Kc5 70.Rh5+ Kb6 71.Rd5 Kc7 72.Bb5 Nxb5 73.axb5 1/2-1/2